000 00320nam a22001217a 4500
040 _cSK
082 _a880
100 _aVON MONIN; វន មុនិន្ទ
245 _aForest meteorology; អាកាសធាតុវិទ្យាព្រៃឈើ
260 _aRUA
_bVON
_c2010
300 _a41p.
942 _cKB
999 _c9217
_d9217